000 00707nam a2200229Ia 4500
003 GCL
008 140319s9999 xx 000 0 ara d
040 _aGCL /
_cGCL
082 0 4 _a709.04
_bح ا
100 1 _aحسن محمد حسن
245 1 0 _aالاسس التاريخية للفن التشكيلى المعاصر /
_cحسن محمد حسن
260 _aالقاهرة :
_bدار الفكر العربى
300 _a376ص:
_bايض ؛
_c24 سم
650 0 4 _aالفلسفة
650 0 4 _aالنحت
650 0 4 _aالفنون التشكيلية
650 0 4 _aالفن الحديث
650 0 4 _aالتصوير
650 0 4 _aالحفر
650 0 4 _aتاريخ ونقد
942 _2ddc
_cBK
999 _c31414
_d31414